000 00481nam a2200157Ia 4500
008 240126s9999 xx 000 0 und d
022 _a0973-6735
041 _aEnglish
082 _aLIBRARY-XVIII
245 0 _aInternational Journal of Computer Science and Knowledge Engineering (IJCSKE) (2011 -
260 _bSerials Publications
_aNew Delhi
440 _aNULL
650 _aComputer Science
650 _aComputer,Knowledge,(IJCSKE),(2011,-,Computer Science
942 _cJN
999 _c269825
_d269825